000 00488nam a2200181Ia 4500
008 240925s9999 xx 000 0 und d
020 _a9781305080195
082 _a004.22 BUR
100 _aBurd, Stephen D.
245 0 _aSystems architecture
250 _a7th
260 _aAustralia:
_bCENGAGE Learning
_c,2016.
300 _a544p.
_b0
_fOriginal
500 _aIncludes Index
600 _aComputer Science
650 _aComputer science, information & general works
942 _cBK
999 _c17982
_d17982